Szovjet állásfoglalások 1943-ban az európai második front megnyitásával kapcsolatban
Eine der Hauptfragen des zweiten Weltkrieges war sowohl die Kooperation des antifaschistlichen Blocks, als auch die Beschleunigung des Endsieges über die faschistischen Kräfte betreffende die Eröffnung der zweiten europäischen Front. Auf das Zustandekommen der zweiten Front wirkteii die Faktoren der...
Elmentve itt :
| Szerző: | |
|---|---|
| Dokumentumtípus: | Cikk |
| Megjelent: |
1963
|
| Sorozat: | Acta Universitatis Szegediensis : acta historica
14 |
| Kulcsszavak: | Szovjetunió története - 1943, Európa története - 1943 |
| Tárgyszavak: | |
| Online Access: | http://acta.bibl.u-szeged.hu/2590 |
| LEADER | 02754nab a2200241 i 4500 | ||
|---|---|---|---|
| 001 | acta2590 | ||
| 005 | 20260217100102.0 | ||
| 008 | 161015s1963 hu o 000 hun d | ||
| 022 | |a 0324-6965 | ||
| 040 | |a SZTE Egyetemi Kiadványok Repozitórium |b hun | ||
| 041 | |a hun | ||
| 041 | |a ger | ||
| 041 | |a rus | ||
| 100 | 1 | |a Vass István | |
| 245 | 1 | 0 | |a Szovjet állásfoglalások 1943-ban az európai második front megnyitásával kapcsolatban |h [elektronikus dokumentum] / |c Vass István |
| 260 | |c 1963 | ||
| 300 | |a 19-52 | ||
| 490 | 0 | |a Acta Universitatis Szegediensis : acta historica |v 14 | |
| 520 | 3 | |a Eine der Hauptfragen des zweiten Weltkrieges war sowohl die Kooperation des antifaschistlichen Blocks, als auch die Beschleunigung des Endsieges über die faschistischen Kräfte betreffende die Eröffnung der zweiten europäischen Front. Auf das Zustandekommen der zweiten Front wirkteii die Faktoren der Kooperation zwischen den Verbündeten, aber auch die. Gegensätze; die zwischen der sozialistischen Sowjetunion einerseits, und den kapitalistischen England und den Vereinigten Staaten anderseits naturgemäss bestanden, aus. Die Regierung und die öffentliche Meinung der Sowjetunion drängte auf die je frühere Eröffnung der zweiten Front, während die westlichen Verbündeten, vor allem die führenden britischen Kreise über die objektiven Schwierigkeiten hinaus, verschiedene Vorwände suchten, die grosse westeuropäische Invasion aufzuschieben. Besonders scharf wurde der Streit im Jahre 1943, als die Voraussetzungen des wirksamen Krieges auf zwei Fronten sowohl in den Kraftverhältnissen als auch in der militärischen Lage heranreiften. In diese Polemik liessen sich nebst den führenden sowjetischen Politikern auch Historiker, Nationalökonomen, Militärspezialisten und Publizisten ein. Sie widerlegten überzeugend und bis in die Einzelheiten die Anschauungen der englischen und amerikanischen Gegner der engen militärischen Kooperation und bewiesen einstimmig, dass es die gemeinsame Angelegenheit aller verbündeter Völker sei, den entscheidenden konzentrierten Angriff möglichst früher anzufangen, das der Krieg desto weniger Opfer verlangt und die Kriegslasten gleichmässiger verteilt worden. Sie haben ihrer Überzeugung Ausdruck gegeben, das nicht nur der schnellere Sieg, sondern auch der dauerhafte Frieden nach dem Krieg nur durch eine in solchem Sinne verwirklichte Kooperation der Sowjetunion und deren englisch-amerikanischer Verbündeter gesichert werden könne. | |
| 650 | 4 | |a Bölcsészettudományok | |
| 650 | 4 | |a Történettudomány és régészet | |
| 695 | |a Szovjetunió története - 1943, Európa története - 1943 | ||
| 856 | 4 | 0 | |u http://acta.bibl.u-szeged.hu/2590/1/historica_014_019-052.pdf |z Dokumentum-elérés |